| 000 | 00707nam a22002297i 4500 | ||
|---|---|---|---|
| 001 | 74542 | ||
| 003 | BD-RjUL | ||
| 005 | 20211209082552.0 | ||
| 008 | 181023s1964 n a|||| b||| 001 0 eng d | ||
| 035 | _a(BD-RjUL)74760 | ||
| 040 |
_aBD-RjUL _beng _cBD-RjUL |
||
| 041 | _aeng | ||
| 082 |
_223 _a658 _bCAQ 1964 |
||
| 100 | 1 | _4Carr, Charles R. | |
| 245 | 1 | 0 |
_aQuantitive Decision Procedures in Management and Economics : determinitic theory and aplication / _cCharles R. Carr , Charles W. Howe |
| 264 |
_aNewYork : _bMcgraw-Hill book , _c1964 |
||
| 300 |
_aXv , 383 p. : _bill ; _c24 cm |
||
| 500 | _aIncludes Index | ||
| 650 |
_aManagement _9224067 |
||
| 700 |
_aHowe, Charles W. _9224069 |
||
| 942 |
_2ddc _cBK |
||
| 999 |
_c74542 _d74542 |
||